Noem de grotere steden in Suriname - Sudden Death - Statistieken

Algemene statistieken
  • Deze quiz is 6 keer genomen
  • De gemiddelde score is 3 van 10
Answers on the Grid
Answers color-coded by a green-red scale on the quiz's grid according to % correct below.
Georgetown
Belèm
Paramaribo
Lelydorp
Nieuw-Nickerie
Moengo
Cayenne
Fortaleza
Salvador
Meerzorg
Nieuw-Amsterdam
Mariënburg
Wageningen
Albina
Medellin
Groningen
 
Antwoordstatistieken
Antwoord % Correct
Paramaribo
75%
Moengo
50%
Nieuw-Amsterdam
50%
Meerzorg
25%
Lelydorp
25%
Mariënburg
25%
Nieuw-Nickerie
25%
Albina
0%
Groningen
0%
Wageningen
0%
Geen overeenkomende quizzen gevonden
Scoreverdeling
Procent van Mensen met Elke Score
Percentiel versus Aantal Correcte Antwoorden
Uw Scoregeschiedenis
U heeft deze quiz nog niet genomen